书目信息 |
| 书名: | Motor Learning & Performance | |
| 作者: | Richard A.Schmidt. | |
| 分册号: | ||
| 分册名: | 出版地: | Champaign : |
|
| 出版社: | Human Kinetics Books | |
| 出版时间: | 1991. | |
| 页数: | 310 p. ; | |
| 开本: | 29cm. | |
| 丛书名: | ||
| 中图分类号: | ||
| 科图分类号: | ||
| 其他分类号: | G81 | |
| 主题词: | ||
| 电子资源: | ||
| 000 | 00436nam 2200145 a 4500 | |
| 001 | E0258608767 | |
| 005 | 2002010916164876 | |
| 008 | 020109s1991 00010 eng | |
| 020 | @a0-87322-308-X :@cRMB 12.00. | |
| 040 | @aPFT@beng | |
| 090 | @aG81 | |
| 099 | @dG81@eS349 | |
| 245 | 1 | @aMotor Learning & Performance :@bfrom principles to Practice / @cRichard A.Schmidt. |
| 260 | @aChampaign :@bHuman Kinetics Books,@c1991. | |
| 300 | @a310 p. ;@c29cm. | |
| Motor Learning & Performance : : from principles to Practice / / Richard A.Schmidt.-Champaign : : Human Kinetics Books, , 1991. |
| 310 p. ; ; 29cm. |
| ISBN 0-87322-308-X :RMB 12.00. |
| ● |
| 相关链接 |
|
|
|
正题名:Motor Learning & Performance
索取号:G81/S349
 
预约/预借
| 序号 | 登录号 | 条形码 | 馆藏地/架位号 | 状态 | 备注 |
| 1 | 01291 | 300012910 | 社科库409/409社科库 20排4列5层/ [索取号:G81/S349] | 在馆 | |
| 2 | 02281 | 300022810 | 社科库409/409社科库 20排4列5层/ [索取号:G81/S349] | 在馆 | |
| 3 | 02484 | 300024845 | 社科库409/409社科库 20排4列5层/ [索取号:G81/S349] | 在馆 |